| 000 | 00000nam##2200000za#4500 |
| 001 | 9.699308 |
| 003 | CaOODSP |
| 005 | 20250506145324 |
| 007 | cr ||||||||||| |
| 008 | 150407|1975||||xxc|||||o f|0| 0 eng|d |
| 040 | |aCaOODSP|beng |
| 043 | |an-cn--- |
| 086 | 1 |aA73-1500/1975E-PDF |
| 110 | 1 |aCanada.|bAgriculture Canada. |
| 245 | 10|aGuide to food grades |h[electronic resource] |
| 260 | |aOttawa - Ontario : |bAgriculture Canada |c1972, revised 1975. |
| 300 | |a20p. |
| 500 | |aHistorical publication digitized by Agriculture and Agri-Food Canada. "This publication replaces Publication 1305, "Buy the Grade".--p. 19 of 20. |
| 590 | |a14-11-Supp|b2014-05-21 |
| 690 | 07|aFood|2gcpds |
| 690 | 07|aFood labelling|2gcpds |
| 775 | 08|tGuide des aliments classés |w(CaOODSP)9.643289 |
| 856 | 40|ahttp://publications.gc.ca|qPDF|s913 KB|uhttps://publications.gc.ca/collections/collection_2014/aac-aafc/agrhist/A73-1500-1975-eng.pdf |
| 986 | |a1500 |